Science Quiz

Random Science or Math Quiz

'Eban' Numbers Quiz Stats

 Plays Quiz Updated Apr 24, 2019

Score 0/40 Timer 04:00
2 Plays Today
% Correct
2
99.8%
4
99.3%
6
99%
32
95.3%
30
95.1%
40
95.1%
34
94.8%
36
94.6%
42
94.6%
44
94.3%
46
94.2%
50
93.3%
52
93%
60
92.8%
56
92.8%
54
92.8%
62
92.4%
64
92.4%
66
92.1%
2000
79%
% Correct
2002
79%
2004
78.9%
2006
78.8%
2030
76.6%
2032
76.4%
2034
76.2%
2036
76%
2040
76%
2042
75.5%
2044
75.3%
2046
75.1%
2050
74.4%
2052
73.9%
2054
73.6%
2060
73.5%
2056
73.4%
4000
73.3%
2062
72.8%
2064
72.3%
2066
72.1%

You're not logged in!

Compare scores with friends on all Sporcle quizzes.
OR
Log In

Sporcle TV

Today on Sporcle TV


Watch our educational content, quiz creation guides, and fun videos on Sporcle TV.

Show Comments

Extras

Top Quizzes Today


Score Distribution

Your Account Isn't Verified!

In order to create a playlist on Sporcle, you need to verify the email address you used during registration. Go to your Sporcle Settings to finish the process.

Report this User

Report this user for behavior that violates our Community Guidelines.

Details: